<?xml version="1.0" encoding="UTF-8"?>
<record
    xmlns:xsi="http://www.w3.org/2001/XMLSchema-instance"
    xsi:schemaLocation="http://www.loc.gov/MARC21/slim http://www.loc.gov/standards/marcxml/schema/MARC21slim.xsd"
    xmlns="http://www.loc.gov/MARC21/slim">

  <leader>03458nam a22002777a 4500</leader>
  <controlfield tag="003">NALT</controlfield>
  <controlfield tag="005">20260209151652.0</controlfield>
  <controlfield tag="008">251223b        th ||||| |||| 00| 0 tha d</controlfield>
  <datafield tag="020" ind1=" " ind2=" ">
    <subfield code="a">9789740219545</subfield>
  </datafield>
  <datafield tag="040" ind1=" " ind2=" ">
    <subfield code="a">NALT</subfield>
  </datafield>
  <datafield tag="050" ind1=" " ind2=" ">
    <subfield code="a">DS 721</subfield>
    <subfield code="b">&#xE19;614&#xE01; 2568</subfield>
  </datafield>
  <datafield tag="100" ind1="0" ind2=" ">
    <subfield code="a">&#xE19;&#xE34;&#xE18;&#xE34;&#xE1E;&#xE31;&#xE19;&#xE18;&#xE4C; &#xE27;&#xE34;&#xE1B;&#xE23;&#xE30;&#xE27;&#xE34;&#xE17;&#xE22;&#xE4C;</subfield>
    <subfield code="9">12501</subfield>
  </datafield>
  <datafield tag="245" ind1="1" ind2="0">
    <subfield code="a">&#xE40;&#xE01;&#xE23;&#xE47;&#xE14;&#xE21;&#xE31;&#xE07;&#xE01;&#xE23;&#xE2A;&#xE30;&#xE17;&#xE49;&#xE2D;&#xE19;&#xE08;&#xE35;&#xE19; / </subfield>
    <subfield code="b">&#xE19;&#xE34;&#xE18;&#xE34;&#xE1E;&#xE31;&#xE19;&#xE18;&#xE4C; &#xE27;&#xE34;&#xE1B;&#xE23;&#xE30;&#xE27;&#xE34;&#xE17;&#xE22;&#xE4C;.</subfield>
  </datafield>
  <datafield tag="250" ind1=" " ind2=" ">
    <subfield code="a">&#xE1E;&#xE34;&#xE21;&#xE1E;&#xE4C;&#xE04;&#xE23;&#xE31;&#xE49;&#xE07;&#xE41;&#xE23;&#xE01;.</subfield>
  </datafield>
  <datafield tag="260" ind1=" " ind2=" ">
    <subfield code="a">&#xE01;&#xE23;&#xE38;&#xE07;&#xE40;&#xE17;&#xE1E;&#xE2F; : </subfield>
    <subfield code="b">&#xE21;&#xE15;&#xE34;&#xE0A;&#xE19;, </subfield>
    <subfield code="c">2568.</subfield>
  </datafield>
  <datafield tag="300" ind1=" " ind2=" ">
    <subfield code="a">307 &#xE2B;&#xE19;&#xE49;&#xE32; :</subfield>
    <subfield code="b">&#xE20;&#xE32;&#xE1E;&#xE1B;&#xE23;&#xE30;&#xE01;&#xE2D;&#xE1A; ;</subfield>
    <subfield code="c">21 &#xE0B;&#xE21;.</subfield>
  </datafield>
  <datafield tag="505" ind1="2" ind2=" ">
    <subfield code="a">&#xE27;&#xE31;&#xE19;&#xE0A;&#xE32;&#xE15;&#xE34;&#xE08;&#xE35;&#xE19;&#xE08;&#xE32;&#xE01; 10 &#xE15;&#xE38;&#xE25;&#xE32;&#xE2F; &#xE16;&#xE36;&#xE07; 1 &#xE15;&#xE38;&#xE25;&#xE32;&#xE2F; -- &#xE08;&#xE32;&#xE01;&#xE40;&#xE1B;&#xE32;&#xE1B;&#xE38;&#xE49;&#xE19;&#xE08;&#xE34;&#xE49;&#xE19;&#xE2A;&#xE39;&#xE48;&#xE02;&#xE1A;&#xE27;&#xE19;&#xE01;&#xE32;&#xE23;&#xE40;&#xE1B;&#xE32;&#xE1A;&#xE38;&#xE49;&#xE19;&#xE08;&#xE34;&#xE49;&#xE19; -- &#xE0A;&#xE38;&#xE19;&#xE0A;&#xE34;&#xE27;&#xE22;&#xE38;&#xE04;&#xE2A;&#xE21;&#xE31;&#xE22;&#xE41;&#xE2B;&#xE48;&#xE07;&#xE2A;&#xE07;&#xE04;&#xE23;&#xE32;&#xE21;&#xE17;&#xE35;&#xE48;&#xE40;&#xE1B;&#xE25;&#xE35;&#xE48;&#xE22;&#xE19;&#xE44;&#xE1B; -- &#xE17;&#xE32;&#xE07;&#xE40;&#xE25;&#xE37;&#xE2D;&#xE01;&#xE40;&#xE2A;&#xE19;&#xE32;&#xE1A;&#xE14;&#xE35;&#xE02;&#xE2D;&#xE07;&#xE16;&#xE36;&#xE07;&#xE40;&#xE2A;&#xE27;&#xE35;&#xE22;&#xE19;&#xE08;&#xE07; -- "&#xE09;&#xE34;&#xE19;&#xE2E;&#xE38;&#xE48;&#xE22;" &#xE01;&#xE31;&#xE07;&#xE09;&#xE34;&#xE19;&#xE1B;&#xE32;&#xE17;&#xE48;&#xE2D;&#xE07;&#xE42;&#xE01;&#xE4B; -- &#xE40;&#xE08;&#xE34;&#xE07;&#xE01;&#xE31;&#xE4B;&#xE27;&#xE1F;&#xE32;&#xE19;&#xE23;&#xE31;&#xE1A;&#xE19;&#xE49;&#xE33;&#xE43;&#xE08;&#xE41;&#xE15;&#xE48;&#xE02;&#xE2D;&#xE44;&#xE21;&#xE48;&#xE17;&#xE38;&#xE08;&#xE23;&#xE34;&#xE15; -- &#xE21;&#xE2D;&#xE07;&#xE1E;&#xE34;&#xE21;&#xE1E;&#xE4C;&#xE40;&#xE02;&#xE35;&#xE22;&#xE27;&#xE2A;&#xE30;&#xE40;&#xE17;&#xE37;&#xE2D;&#xE19;&#xE16;&#xE36;&#xE07;&#xE07;&#xE49;&#xE32;&#xE27;&#xE01;&#xE27;&#xE19;&#xE2D;&#xE39; (&#xE41;&#xE25;&#xE30;&#xE1E;&#xE23;&#xE30;&#xE23;&#xE32;&#xE21;) -- &#xE42;&#xE08;&#xE27;&#xE40;&#xE2D;&#xE34;&#xE19;&#xE44;&#xE2B;&#xE25; &#xE02;&#xE07;&#xE40;&#xE1A;&#xE49;&#xE07; &#xE41;&#xE25;&#xE30;&#xE01;&#xE32;&#xE23;&#xE1B;&#xE23;&#xE30;&#xE14;&#xE31;&#xE1A;&#xE04;&#xE27;&#xE32;&#xE21;&#xE14;&#xE35;&#xE40;&#xE01;&#xE34;&#xE19;&#xE08;&#xE23;&#xE34;&#xE07; -- &#xE21;&#xE27;&#xE25;&#xE0A;&#xE19;&#xE41;&#xE1A;&#xE1A;&#xE42;&#xE08;&#xE42;&#xE09; &#xE21;&#xE27;&#xE25;&#xE0A;&#xE19;&#xE41;&#xE1A;&#xE1A;&#xE2D;&#xE49;&#xE27;&#xE19;&#xE40;&#xE2A;&#xE35;&#xE49;&#xE22;&#xE27; -- &#xE01;&#xE38;&#xE22;&#xE41;&#xE01;&#xE43;&#xE2B;&#xE49;&#xE21;&#xE32;&#xE01;&#xE01;&#xE27;&#xE48;&#xE32;&#xE41;&#xE1C;&#xE19;&#xE01;&#xE32;&#xE23; -- &#xE14;&#xE27;&#xE07;&#xE08;&#xE31;&#xE19;&#xE17;&#xE23;&#xE4C; &#xE04;&#xE32;&#xE07;&#xE04;&#xE01; &#xE01;&#xE23;&#xE30;&#xE15;&#xE48;&#xE32;&#xE22; &#xE41;&#xE25;&#xE30;&#xE40;&#xE17;&#xE1E;&#xE18;&#xE34;&#xE14;&#xE32; -- &#xE1B;&#xE23;&#xE30;&#xE27;&#xE31;&#xE15;&#xE34;&#xE28;&#xE32;&#xE2A;&#xE15;&#xE23;&#xE4C;&#xE2B;&#xE0D;&#xE34;&#xE07;&#xE23;&#xE31;&#xE19;&#xE17;&#xE14;&#xE43;&#xE19;&#xE19;&#xE34;&#xE17;&#xE32;&#xE19;&#xE40;&#xE21;&#xE34;&#xE48;&#xE07;&#xE40;&#xE08;&#xE35;&#xE22;&#xE07;&#xE2B;&#xE19;&#xE35;&#xE48;&#xE27;&#xE4C; -- &#xE08;&#xE27;&#xE07;&#xE08;&#xE37;&#xE48;&#xE2D; &#xE40;&#xE2A;&#xE23;&#xE35;&#xE19;&#xE34;&#xE22;&#xE21;&#xE41;&#xE1A;&#xE1A;&#xE08;&#xE35;&#xE19;&#xE42;&#xE1A;&#xE23;&#xE32;&#xE13; -- &#xE2E;&#xE48;&#xE2D;&#xE40;&#xE2E;&#xE35;&#xE22;&#xE15;&#xE35;&#xE4B; &#xE1E;&#xE35;&#xE48;&#xE19;&#xE49;&#xE2D;&#xE07;&#xE17;&#xE35;&#xE48;&#xE14;&#xE35;&#xE2B;&#xE23;&#xE37;&#xE2D;&#xE1C;&#xE35;&#xE44;&#xE23;&#xE49;&#xE0D;&#xE32;&#xE15;&#xE34; -- &#xE40;&#xE23;&#xE37;&#xE48;&#xE2D;&#xE07;&#xE2D;&#xE25;&#xE2B;&#xE21;&#xE48;&#xE32;&#xE19;&#xE02;&#xE2D;&#xE07;&#xE2A;&#xE38;&#xE2A;&#xE32;&#xE19;&#xE40;&#xE1B;&#xE32;&#xE1A;&#xE38;&#xE49;&#xE19;&#xE08;&#xE34;&#xE49;&#xE19; -- &#xE40;&#xE27;&#xE48;&#xE22;&#xE2B;&#xE39;&#xE48;&#xE08;&#xE31;&#xE49;&#xE27;&#xE0A;&#xE32;&#xE07; -- &#xE2A;&#xE33;&#xE19;&#xE27;&#xE19; "&#xE40;&#xE1B;&#xE47;&#xE19;&#xE25;&#xE34;&#xE48;&#xE27;&#xE25;&#xE49;&#xE2D;&#xE43;&#xE2B;&#xE49;&#xE40;&#xE2A;&#xE37;&#xE2D;&#xE23;&#xE49;&#xE32;&#xE22;" -- &#xE2B;&#xE25;&#xE39;&#xE48;&#xE08;&#xE37;&#xE49;&#xE2D;&#xE40;&#xE0B;&#xE34;&#xE19; &#xE1E;&#xE23;&#xE30;&#xE43;&#xE08;&#xE02;&#xE1A;&#xE16; &#xE02;&#xE1A;&#xE16;&#xE43;&#xE08;&#xE1E;&#xE23;&#xE30; -- &#xE01;&#xE25;&#xE44;&#xE01;&#xE2A;&#xE25;&#xE32;&#xE22;&#xE2D;&#xE33;&#xE19;&#xE32;&#xE08;&#xE14;&#xE49;&#xE27;&#xE22;&#xE2A;&#xE19;&#xE32;&#xE21;&#xE2A;&#xE2D;&#xE1A;&#xE40;&#xE04;&#xE2D;&#xE08;&#xE35;&#xE48;&#xE27;&#xE4C; -- &#xE2D;&#xE39;&#xE48;&#xE2A;&#xE37;&#xE2D;&#xE2A;&#xE48;&#xE32;&#xE19; &#xE44;&#xE21;&#xE48;&#xE43;&#xE0A;&#xE48;&#xE41;&#xE1B;&#xE49;&#xE07; &#xE44;&#xE21;&#xE48;&#xE43;&#xE0A;&#xE48;&#xE19;&#xE49;&#xE33;&#xE1B;&#xE25;&#xE32; &#xE44;&#xE21;&#xE48;&#xE43;&#xE0A;&#xE48;&#xE22;&#xE32;&#xE23;&#xE31;&#xE01;&#xE29;&#xE32;&#xE1F;&#xE31;&#xE19; -- &#xE42;&#xE23;&#xE04;&#xE23;&#xE30;&#xE1A;&#xE32;&#xE14; &#xE15;&#xE49;&#xE19;&#xE01;&#xE33;&#xE40;&#xE19;&#xE34;&#xE14;&#xE02;&#xE38;&#xE19;&#xE28;&#xE36;&#xE01;&#xE22;&#xE38;&#xE04;&#xE2A;&#xE32;&#xE21;&#xE01;&#xE4A;&#xE01; &#xE41;&#xE25;&#xE30;&#xE22;&#xE39;&#xE27;&#xE31;&#xE25; &#xE42;&#xE19;&#xE2D;&#xE32;&#xE2B;&#xE4C; &#xE41;&#xE2E;&#xE23;&#xE32;&#xE23;&#xE35; -- &#xE01;&#xE39;&#xE49;&#xE1F;&#xE32;&#xE07;&#xE42;&#xE08;&#xE27; &#xE1A;&#xE34;&#xE14;&#xE32;&#xE41;&#xE2B;&#xE48;&#xE07;&#xE01;&#xE32;&#xE23;&#xE1B;&#xE23;&#xE32;&#xE1A;&#xE42;&#xE1B;&#xE25;&#xE34;&#xE42;&#xE2D;&#xE43;&#xE19;&#xE08;&#xE35;&#xE19; -- &#xE1A;&#xE17;&#xE2A;&#xE23;&#xE38;&#xE1B;.</subfield>
  </datafield>
  <datafield tag="651" ind1=" " ind2="4">
    <subfield code="a">&#xE08;&#xE35;&#xE19;</subfield>
    <subfield code="x">&#xE2D;&#xE32;&#xE23;&#xE22;&#xE18;&#xE23;&#xE23;&#xE21;</subfield>
    <subfield code="9">37983</subfield>
  </datafield>
  <datafield tag="651" ind1=" " ind2="4">
    <subfield code="a">&#xE08;&#xE35;&#xE19;</subfield>
    <subfield code="x">&#xE1B;&#xE23;&#xE30;&#xE27;&#xE31;&#xE15;&#xE34;&#xE28;&#xE32;&#xE2A;&#xE15;&#xE23;&#xE4C;</subfield>
    <subfield code="9">3618</subfield>
  </datafield>
  <datafield tag="651" ind1=" " ind2="4">
    <subfield code="a">&#xE08;&#xE35;&#xE19; </subfield>
    <subfield code="x">&#xE04;&#xE27;&#xE32;&#xE21;&#xE40;&#xE1B;&#xE47;&#xE19;&#xE2D;&#xE22;&#xE39;&#xE48;&#xE41;&#xE25;&#xE30;&#xE1B;&#xE23;&#xE30;&#xE40;&#xE1E;&#xE13;&#xE35;</subfield>
    <subfield code="9">17598</subfield>
  </datafield>
  <datafield tag="942" ind1=" " ind2=" ">
    <subfield code="c">GB</subfield>
    <subfield code="2">lcc</subfield>
  </datafield>
  <datafield tag="996" ind1=" " ind2=" ">
    <subfield code="a">jidapa.t</subfield>
    <subfield code="b">ACQSTF</subfield>
    <subfield code="c">2025-12-23</subfield>
  </datafield>
  <datafield tag="996" ind1=" " ind2=" ">
    <subfield code="a">varee.k</subfield>
    <subfield code="b">LIBSTF</subfield>
    <subfield code="c">2025-12-24</subfield>
  </datafield>
  <datafield tag="996" ind1=" " ind2=" ">
    <subfield code="a">saiphon.d</subfield>
    <subfield code="b">CATSTF	</subfield>
    <subfield code="c">2026-01-05</subfield>
  </datafield>
  <datafield tag="999" ind1=" " ind2=" ">
    <subfield code="c">107593</subfield>
    <subfield code="d">107593</subfield>
  </datafield>
  <datafield tag="998" ind1=" " ind2=" ">
    <subfield code="j">8</subfield>
    <subfield code="k"> &#xE19;&#xE32;&#xE22;&#xE1A;&#xE31;&#xE13;&#xE11;&#xE34;&#xE15;  &#xE2D;&#xE38;&#xE17;&#xE32;&#xE27;&#xE07;&#xE04;&#xE4C;</subfield>
  </datafield>
  <datafield tag="952" ind1=" " ind2=" ">
    <subfield code="0">0</subfield>
    <subfield code="1">0</subfield>
    <subfield code="2">lcc</subfield>
    <subfield code="4">0</subfield>
    <subfield code="7">0</subfield>
    <subfield code="8">CGBL</subfield>
    <subfield code="a">NALT</subfield>
    <subfield code="b">NALT</subfield>
    <subfield code="c">GEN</subfield>
    <subfield code="d">2025-12-23</subfield>
    <subfield code="e">20</subfield>
    <subfield code="l">3</subfield>
    <subfield code="m">1</subfield>
    <subfield code="o">DS 721 &#xE19;614&#xE01; 2568</subfield>
    <subfield code="p">3961215996</subfield>
    <subfield code="r">2026-02-12 00:00:00</subfield>
    <subfield code="s">2026-02-09</subfield>
    <subfield code="w">2025-12-23</subfield>
    <subfield code="y">GB</subfield>
  </datafield>
</record>
